Southville International School and Colleges
Your cart is empty.
  • Cart
  • Lists
    Public lists Eva Luna New books Lux_list list_1
    Your lists Log in to create your own lists
  • Log in to your account
  • Your cookies
  • Search history
Southville International School and Colleges
  • Advanced search
  • Recent comments
  • Most popular
  • Libraries

Log in to your account

Log in with GOOGLE


If you do not have an external account, but do have a local account, you can still log in:

  1. Home
  2. MARC view: The Trek /
Normal view MARC view ISBD view

The Trek / (Record no. 104809)

[ view plain ]
MARC details
000 -LEADER
fixed length control field 00349nam a2200145 a 4500
005 - DATE AND TIME OF LATEST TRANSACTION
control field 20140412111329.0
008 - FIXED-LENGTH DATA ELEMENTS--GENERAL INFORMATION
fixed length control field 110115s19uu xx 00 eng d
020 ## - INTERNATIONAL STANDARD BOOK NUMBER
International Standard Book Number 0-02-181251-9
050 ## - LIBRARY OF CONGRESS CALL NUMBER
Classification number BB
Item number Tr784 1985
100 ## - MAIN ENTRY--PERSONAL NAME
Personal name Jonas, Ann
245 ## - TITLE STATEMENT
Title The Trek /
Statement of responsibility, etc Ann Jonas.
260 ## - PUBLICATION, DISTRIBUTION, ETC. (IMPRINT)
Place of publication, distribution, etc NY :
Name of publisher, distributor, etc Macmillan,
Date of publication, distribution, etc 1985.
300 ## - PHYSICAL DESCRIPTION
Extent 32p.
Holdings
Withdrawn status Lost status Damaged status Home library Current library Shelving location Date acquired Source of acquisition Total Checkouts Full call number Barcode Date last seen Price effective from Koha item type
      Elizalde Library Elizalde Library Big Books Section 01/15/2011     BB Tr784 1985 E8697 04/12/2014 04/12/2014 Books

The Trek /

APA

Jonas A., . (1985). The Trek. NY: Macmillan.

Chicago

Jonas Ann, . 1985. The Trek. NY: Macmillan.

Harvard

Jonas A., . (1985). The Trek. NY: Macmillan.

MLA

Jonas Ann, . The Trek. NY: Macmillan. 1985.

  • Place hold
  • Print
  • Cite
  • Add to your cart (remove)
  • Save record
    BIBTEX Dublin Core MARCXML MARC (non-Unicode/MARC-8) MARC (Unicode/UTF-8) MARC (Unicode/UTF-8, Standard) MODS (XML) RIS
  • More searches
    Search for this title in:
    Other Libraries (WorldCat) Other Databases (Google Scholar) Online Stores (Bookfinder.com) Open Library (openlibrary.org)

Exporting to Dublin Core...

SOUTHVILLE LIBRARY

Southville International School and Colleges Library

1281 Tropical Ave. Cor. Luxembourg St., BF Homes International, Las Pinas City

Tel. No. 8256374 / 252358 Loc. 117/146

Powered by Koha